Central Library OPAC University of Rajshahi

David Copperfield / (Record no. 22317)

MARC details
000 -LEADER
fixed length control field 01033nam a22003371i 4500
001 - CONTROL NUMBER
control field 22317
003 - CONTROL NUMBER IDENTIFIER
rucl marc code BD-RjUL
005 - DATE AND TIME OF LATEST TRANSACTION
control field 20211209000807.0
008 - FIXED-LENGTH DATA ELEMENTS--GENERAL INFORMATION
fixed length control field 140308r19651907enk 000 1 eng
035 ## - SYSTEM CONTROL NUMBER
System control number (BD-RjUL)22382
System control number (OCoLC)6435724
040 ## - CATALOGING SOURCE
Original cataloging agency DLC
Transcribing agency PManM
Modifying agency Uk
-- DLC
-- BD-RjUL
Language of cataloging eng
041 ## - LANGUAGE CODE
Language code of text/sound track or separate title eng
082 ## - DEWEY DECIMAL CLASSIFICATION NUMBER
Classification number 823
Author mark and year DID 1965
100 1# - MAIN ENTRY--PERSONAL NAME
Personal name Dickens, Charles,
Dates associated with a name 1812-1870.
9 (RLIN) 68904
245 10 - TITLE STATEMENT
Title David Copperfield /
Statement of responsibility, etc. Charles Dickens; G K Chesterton.
260 ## - PUBLICATION, DISTRIBUTION, ETC. (IMPRINT)
Place of publication, distribution, etc. London :
Name of publisher, distributor, etc. Dent,
Date of publication, distribution, etc. 1907 [Reprinted 1965].
300 ## - PHYSICAL DESCRIPTION
Pagination xx, 837 p. ;
Illustrations 18 cm.
650 #0 - SUBJECT ADDED ENTRY--TOPICAL TERM
Topical term or geographic name as entry element Boys
Form subdivision Fiction.
9 (RLIN) 42544
Topical term or geographic name as entry element Orphans
Form subdivision Fiction.
9 (RLIN) 42358
Topical term or geographic name as entry element Young men
Form subdivision Fiction.
9 (RLIN) 68905
Topical term or geographic name as entry element Stepfathers
Form subdivision Fiction.
9 (RLIN) 68906
Topical term or geographic name as entry element Child labor
Form subdivision Fiction.
9 (RLIN) 68907
651 #0 - SUBJECT ADDED ENTRY--GEOGRAPHIC NAME
Geographic name England
Form subdivision Fiction.
9 (RLIN) 68908
700 1# - ADDED ENTRY--PERSONAL NAME
Personal name Chesterton, G K
942 ## - ADDED ENTRY ELEMENTS (KOHA)
Source of classification or shelving scheme Dewey Decimal Classification
Koha item type Books
Holdings
Lost status Source of classification or shelving scheme Damaged status Not for loan Collection code Permanent Location Current Location Shelving location Date acquired Source of acquisition Cost, normal purchase price Total Checkouts Full call number Date last seen Date checked out Copy number Koha item type
  Dewey Decimal Classification     Fiction Central Library, University of Rajshahi Central Library, University of Rajshahi   19/09/1968 Zitlinger 11.60 1 823 DID 1965 11/10/2022 28/09/2022 C-6 Books
  Dewey Decimal Classification   Not For Loan Fiction Central Library, University of Rajshahi Central Library, University of Rajshahi Reading Room 19/09/1968 Zeitlinger 11.60   823 DID 1965 18/10/2022   C-1 Books
  Dewey Decimal Classification     Fiction Central Library, University of Rajshahi Central Library, University of Rajshahi Reading Room 19/09/1968 Zeitlinger 11.60   823 DID 1965 18/10/2022   C-3 Books
  Dewey Decimal Classification       Central Library, University of Rajshahi Central Library, University of Rajshahi General Stacks 19/09/1968 Zeitlinger 11.60   823 DID 1965 18/10/2022   C-2 Books
  Dewey Decimal Classification     Fiction Central Library, University of Rajshahi Central Library, University of Rajshahi General Stacks 19/09/1968 Zeitlinger 11.60   823 DID 1965 18/10/2022   C-4 Books
  Dewey Decimal Classification     Fiction Central Library, University of Rajshahi Central Library, University of Rajshahi General Stacks 19/09/1968 Zeitlinger 11.60   823 DID 1965 18/10/2022   C-5 Books